000 00570nam a22001817a 4500
999 _c61280
_d61280
005 20240125111829.0
008 240125s2014 enk||||| |||| 00| 0 eng d
020 _a9780978639037x
041 _aeng
080 _a514.112 G-77
100 _aGreig, Jo
_921121
245 _aTutor In a Book's Geometry
_cJo Greig. Editor James R. Shilleto.
264 _aBerkeley,
_bTutor In a Book,
_c2014.
300 _a285 p. ;
_b28 cm.
653 _aგეომეტრია
700 _aShilleto, James R.
_eრედაქტორი
_921122
942 _2udc
_cᲬᲘᲒᲜᲘ